The "Are You Too Dumb to Live?" Quiz - Statistics

General Stats
  • This quiz has been taken 8,383 times
  • The average score is 15 of 16
Answer Stats
Question or Clue Hint Answer % Correct
Jews control the media: TRUE or FALSE? FALSE
97%
President Barack Obama was born here. not Kenya Hawaii, USA
97%
The United States Constitution establishes the USA as a Christian nation: TRUE or FALSE? FALSE
96%
John F Kennedy was killed by: a) Lee Harvey Oswald, b) the 2nd shooter on the grassy knoll c) the CIA, d) Fidel Castro, e) the Mafia, f) space aliens not b, c, d, e, or f Lee Harvey Oswald
96%
In 1969, Americans sent astronauts to: not a Hollywood studio the moon
96%
TRUE or FALSE? President Barack Obama is a Communist, terrorist sympathizer, or wishes to confiscate all of your guns. FALSE
95%
Jews control this country not the USA. Starts with "Is," ends with "rael." Israel
95%
Vaccinations will make your children retarded: TRUE or FALSE? FALSE
94%
The Holocaust really happened: TRUE or FALSE? TRUE
93%
President Barack Obama's religion not Islam Christianity
92%
A second Holocaust is being perpetrated right now against the Palestinians: TRUE or FALSE? FALSE
91%
If you forward this to 100 people Bill Gates will pay you $1000: TRUE or FALSE? FALSE
90%
The World Trade Center was destroyed by these man-made things not explosives or a controlled demolition airplanes
89%
The terrorist attacks of 9-11, 2001 were planned and executed by them. not Jews, George Bush, or the US government Al-Qaeda
88%
primary ingredient in matzah ball soup not the blood of children, it's in the name and starts with "m" matzah
88%
The one true and correct religion is none of the above
71%
No matching quizzes found
Score Distribution
Percent of People with Each Score
Percentile by Number Answered
Your Score History
You have not taken this quiz